02225cam a2200421 a 450000500170000000800410001702000150005804000350007304100080010804300120011604400070012808200180013511000630015324502790021625000220049526000500051730000720056749000280063950400330066765000570070065000140075765000250077165100460079670000480084270000410089070000370093170000400096870000380100870000560104670000630110270000290116571000610119494200150125599900130127095201740128395201720145795201740162920160205191415.0980728s1995 ck abo gr 000 0 spa d a9586551962 aCO-BoPUJcCO-BoIAVHdCO-BoIAVH0 aspa as-ck--- ack04a986.126bL96e2 aUniversidad de AntioquiabInstituto de Estudios Regionales13aEl Retiro, Antioquia /cUniversidad de Antioquia ; coordinador Luz Eugenia Pimienta Restrepo ; Investigadores Margarita María Barrera Gonzales, Alba Doris López Retrepo, Carolina Sánchez Morales; Asesoría académica Hernán Henao Delgado, Lucelly Villegas Villegas aPrimera edición aMedellín :bUniversidad de Antioquiac1995. a180 páginas :bIlustraciones, mapas, fotografías ;c21 x 14 cm.0 aEstudios de localidades aBibliograf�ia: p. 175-180.24aSociología urbanazEl retiro (Antioquia, Colombia) 4aantioquia 4aEstudio de comunidad 4aEl retiro (Antioquia, Colombia)xHistoria1 aPimienta Restrepo, Luz EugeniaeCoordinador1 aVillegas Villegas, LucelyeEdición1 aMontoya Guerra, OscareEdición1 aSánchez M, CarolinaeFotografía1 aLópez, Alba DoriseFotografía1 aBarrera González, Margarita MaríaeInvestigador1 aHenao Delgado, Hernánd1945-1999eAsesoría académica1 aSuarez, MartaeDibujante2 aCorporación Autónoma Regional Rionegro-Nare. CORNARE 2ddccLIBRO c182d182 00102ddc40708GENERALIINV2017aBogotabBogotad1997-12-23eInstitutog39000.00l0oLB-986.126 L96ep000227r2012-12-04 00:00:00tEj. 1w2012-12-04xDonaciónyLIBRO 00102ddc40708GENERALIINV2017aVenadobVenadod1997-12-23eInstitutog39000.00l0oLB-986.126 L96ep000228r2012-12-04 00:00:00tEj. 2w2012-12-04xDonacionyLIBRO 00102ddc40708GENERALIINV2017aBogotabBogotad2005-11-24eInstitutog39000.00l0oLB-986.126 L96ep022374r2012-12-04 00:00:00tEj. 3w2012-12-04xDonaciónyLIBRO